| 000 | 00628nam a2200217 i 4500 | ||
|---|---|---|---|
| 001 | 182314 | ||
| 003 | ES-MaACL | ||
| 005 | 20230906221559.0 | ||
| 008 | 130801s1994 sp | |||| ||spa d | ||
| 020 | _a84-88341-44-X | ||
| 080 | _a323.28(861) | ||
| 100 | 1 |
_aGiraldo M., Javier. _9153141 |
|
| 245 | 1 | 0 |
_aColombia, esta democracia genocida / _cJavier Girado M. |
| 260 |
_aBarcelona : _bCristianisme i Justícia, _c1994. |
||
| 300 |
_a47 p. ; _c21 cm. |
||
| 490 | 1 |
_aCJ ; _v61 |
|
| 650 | 4 |
_aViolencia política- _zColombia. _9141238 |
|
| 830 | 0 |
_aCJ ; _v61 _9180545 |
|
| 852 |
_aES-MaACL _j2317-F-16 |
||
| 999 |
_c182314 _d182314 |
||